| 000 | 00764cam a2200217 a 4500 | ||
|---|---|---|---|
| 001 | 000001166 | ||
| 005 | 20200929145507.0 | ||
| 008 | 010423s1963 sp a b 001 0bspa d | ||
| 040 |
_aDO-SdBNP _cspa _dBNPHU |
||
| 082 |
_axx _bM311a, 1963 |
||
| 100 | 1 |
_aMarañón, Gregorio, _cGregorio Marañón y Posadillo _d1887-1960. _93980 |
|
| 245 | 1 | 0 |
_aAntonio Pérez : _bel hombre, el drama, la época / _cG. Marañón. |
| 250 | _a7a ed. | ||
| 260 |
_aMadrid : _bEspasa-Calpe, _c1963 . |
||
| 300 |
_a7 v. : _bil. ; _c25 cm. |
||
| 500 | _aLa biblioteca sólo posee el volumen 2 del documento. | ||
| 500 | _aIncluye índice de personas y notas al pie de las páginas. | ||
| 504 | _aBibliografía p. [945]-970. | ||
| 600 | 1 | 0 |
_aPérez, Antonio, _dd. 1611. _93981 |
| 049 | _aBNGR | ||
| 999 |
_c1119 _d1119 |
||